| 000 | 00627nam a2200205 i 4500 | ||
|---|---|---|---|
| 001 | 187498 | ||
| 003 | ES-MaACL | ||
| 005 | 20230906222937.0 | ||
| 008 | 170912s1975 sp |||| | spa d | ||
| 020 | _a84-7232-258-0 | ||
| 080 | _a821.134.2(84)-14"19" | ||
| 100 | 1 |
_aShimose, Pedro. _9106127 |
|
| 245 | 1 | 0 |
_aCaducidad del fuego / _cPedro Shimose. |
| 260 |
_aMadrid : _bCultura Hispánica, _c1975. |
||
| 300 |
_a69 p. ; _c20 cm. |
||
| 490 | 1 |
_aColección poética "Leopoldo Panero" ; _v29 |
|
| 830 | 1 |
_aColección poética "Leopoldo Panero" ; _v29 _9182594 |
|
| 852 |
_aES-MaACL _jP-2 Nº 29 |
||
| 999 |
_c187498 _d187498 |
||